| Tag |
First Indicator |
Second Indicator |
Subfields |
| LEADER |
00000cam a2200000 a 4500 |
| 001 |
in00001072521 |
| 005 |
20150929101958.0 |
| 008 |
891115s1972 txuab s000 0 eng d |
| 035 |
|
|
|a (OCoLC)20650378
|
| 035 |
|
|
|9 AFP2931AM
|
| 040 |
|
|
|a UMC
|c UMC
|d TXA
|d UtOrBLW
|
| 043 |
|
|
|a n-us-tx
|
| 049 |
|
|
|a TXAS [tamu]
|
| 090 |
|
|
|a NA9127.A53
|b A53 1972
|
| 245 |
0 |
0 |
|a Anderson, Texas.
|
| 264 |
|
1 |
|a College Station, Tex. :
|b College of Architecture and Environmental Design, Texas A&M University,
|c 1972.
|
| 300 |
|
|
|a 76 leaves :
|b illustrations ;
|c 28 cm.
|
| 336 |
|
|
|a text
|b txt
|2 rdacontent
|
| 337 |
|
|
|a unmediated
|b n
|2 rdamedia
|
| 338 |
|
|
|a volume
|b nc
|2 rdacarrier
|
| 500 |
|
|
|a Title from cover.
|
| 500 |
|
|
|a "Urban Design Studio/Architecture 615, spring semester 1972, College of Architecture and Environmental Design, Texas A&M University, College Station, Texas."--1st prelim. page.
|
| 650 |
|
0 |
|a City planning
|z Texas
|z Anderson.
|
| 651 |
|
0 |
|a Anderson (Tex.)
|
| 710 |
2 |
|
|a Texas A & M University.
|b College of Architecture and Environmental Design.
|
| 710 |
2 |
|
|a Texas A & M University System.
|b Urban Design Studio.
|
| 999 |
|
|
|a MARS
|
| 999 |
f |
f |
|s 92249867-74f4-3984-a98a-eee61b3ffb0a
|i 93f52ac2-7b93-39a7-8718-30a8016da46f
|t 0
|
| 952 |
f |
f |
|p ric
|a Texas A&M University
|b Rellis Campus
|c Joint Library Facility
|d Remote Storage
|t 0
|e NA9127.A53 A53 1972
|h Library of Congress classification
|i unmediated -- volume
|m A14815739019
|
| 952 |
f |
f |
|p noncirc
|a Texas A&M University
|b College Station
|c Cushing Memorial Library & Archives
|d Cushing: Texas A&M (Does not check out)
|t 0
|e NA9127.A53 A53 1972
|h Library of Congress classification
|i unmediated -- volume
|
| 998 |
f |
f |
|a NA9127.A53 A53 1972
|t 0
|l Cushing: Texas A&M (Does not check out)
|
| 998 |
f |
f |
|a NA9127.A53 A53 1972
|t 0
|l Remote Storage
|